JR Joban Line Local Stations, Tokyo, Japan - Statistics

General Stats
  • This quiz has been taken 69 times
  • The average score is 11 of 14
Answer Stats
Station No. Stations % Correct
JL 19 Ayase
92%
JL 22 Matsudo
90%
JL 32 Toride
90%
JL 28 Kashiwa
84%
JL 30 Abiko
82%
JL 25 Shin Matsudo
80%
JL 20 Kameari
76%
JL 29 Kita Kashiwa
76%
JL 23 Kita Matsudo
75%
JL 21 Kanamachi
73%
JL 27 Minami Kashiwa
73%
JL 31 Tennodai
71%
JL 24 Mabashi
67%
JL 26 Kita Kogane
59%
No matching quizzes found
Score Distribution
Percent of People with Each Score
Percentile by Number Answered
Your Score History
You have not taken this quiz